00328nam a2200121Ia 4500008004100000041000800041082001500049100001500064245004500079260004100124300003000165365001100195240624s9999 xx 000 0 und d aeng a658.45 SCO aSCOTT BILL aSKILLS OF COMMUNICATING A PRACTICAL GUID c2006aMumbaibJaico Publishing House axi, : 198 : p. : cm. ; 21 cRSb30